Analog Systems, Electronics Semester - I (paper - Ii) (Record no. 39230)

MARC details
000 -LEADER
fixed length control field 00528nam a2200193Ia 4500
008 - FIXED-LENGTH DATA ELEMENTS--GENERAL INFORMATION
fixed length control field 220531s9999 xx 000 0 und d
041 ## - LANGUAGE CODE
Language code of text/sound track or separate title eng
082 ## - DEWEY DECIMAL CLASSIFICATION NUMBER
Classification number -
Item number KAT / BAN
100 ## - MAIN ENTRY--PERSONAL NAME
Personal name Katre, J. S. / Bankar, D. S.
9 (RLIN) 69997
245 ## - TITLE STATEMENT
Title Analog Systems, Electronics Semester - I (paper - Ii)
250 ## - EDITION STATEMENT
Edition statement 1ST
260 ## - PUBLICATION, DISTRIBUTION, ETC. (IMPRINT)
Place of publication, distribution, etc. Pune
Name of publisher, distributor, etc. Tech-Max
Date of publication, distribution, etc. 2015
300 ## - PHYSICAL DESCRIPTION
Extent Q.16
542 ## - INFORMATION RELATING TO COPYRIGHT STATUS
Copyright holder 02-07-2015
551 ## -
-- Computer Science
-- Non-grant-CS
650 ## - SUBJECT ADDED ENTRY--TOPICAL TERM
Topical term or geographic name as entry element Analog Systems
9 (RLIN) 69998
906 ## - LOCAL DATA ELEMENT F, LDF (RLIN)
d 2015-2016
Holdings
Withdrawn status Lost status Source of classification or shelving scheme Damaged status Not for loan Collection code Home library Current library Date acquired Vendor Cost, normal purchase price Total Checkouts Total Holds Full call number Barcode Date last seen Bill Date Koha item type Original Barcode
Withdrawn   Dewey Decimal Classification       Shri Siddhivinayak Mahila Mahavidyalaya Shri Siddhivinayak Mahila Mahavidyalaya 09/07/2015 Creative Book Service 170.00   5 -/KAT / BAN/B/20698 SSMM-BK-20698 06/08/2022 06/08/2022 Books 010020698